{"text_format":"3","workbook":"xlsx","n_sheets":3,"sheets":["Sheet1","Sheet2","Sheet3"],"read":"whole","date_system":"1900"}

{"sheet":"Sheet1","index":0,"n_rows":139,"n_cols":11,"rows_kept":139,"merged":[[1,1,16,1],[17,1,20,1],[21,1,23,1],[24,1,28,1],[29,1,36,1],[37,1,40,1],[41,1,46,1],[47,1,56,1],[57,1,69,1],[70,1,76,1],[78,1,86,1],[87,1,92,1],[93,1,100,1],[101,1,103,1],[104,1,118,1],[119,1,123,1],[124,1,135,1],[138,0,138,7]]}
["序号","品类","名称","型号","规格","单位","2026年度预计消耗数量","限价（元）","总价（元）","单价报价（元）","金额（元）"]
[1,"01笔类用品晨光品牌","荧光笔（各色）","得力S628","115*4*24mm","支",4,3.8,{"$f":"G2*H2","v":15.2},null,{"$f":"J2*G2","v":0}]
[2,null,"记号笔","晨光2218","10支/盒","支",35,1.8,{"$f":"G3*H3","v":63},null,{"$f":"J3*G3","v":0}]
[3,null,"双头油性笔","晨光mu6201","12支/盒","支",415,3.5,1452.5,null,{"$f":"J4*G4","v":0}]
[4,null,"白板笔","得力6817","10支/盒","支",110,2.4,264,null,{"$f":"J5*G5","v":0}]
[5,null,"皮肤记号笔","唐德","双头、不易擦、灭菌独立包装","支",0,6,0,null,{"$f":"J6*G6","v":0}]
[6,null,"圆珠笔","晨光7501","0.5mm","支",65,1.5,97.5,null,{"$f":"J7*G7","v":0}]
[7,null,"中性笔（黑色）","得力6600ES","0.5mm","支",300,2,600,null,{"$f":"J8*G8","v":0}]
[8,null,"中性笔(墨蓝色）","得力6600ES","0.5mm","支",150,2,300,null,{"$f":"J9*G9","v":0}]
[9,null,"中性笔（红色）","得力6600ES","0.5mm","支",200,2,400,null,{"$f":"J10*G10","v":0}]
[10,null,"处方笔(墨蓝色按动）","得力S01","0.5mm","支",2000,3.2,6400,null,{"$f":"J11*G11","v":0}]
[11,null,"处方笔(黑色按动）","得力S01","0.5mm","支",16,null,0,null,{"$f":"J12*G12","v":0}]
[12,null,"中性笔芯（黑色）","晨光MG007","0.5mm","支",15,1,15,null,{"$f":"J13*G13","v":0}]
[13,null,"中性笔芯（(墨蓝色、红色）","得力S760","0.5mm","支",40,1,40,null,{"$f":"J14*G14","v":0}]
[14,null,"处方按动芯(红色、墨蓝色）","得力6906","0.5mm","支",1500,3.2,{"$f":"G15*H15","v":4800},null,{"$f":"J15*G15","v":0}]
[15,null,"铅笔","晨光30451","10支/盒","支",70,0.3,{"$f":"G16*H16","v":21},null,{"$f":"J16*G16","v":0}]
[16,null,"中性笔（黑色）","得力S16","0.5mm","支",1800,2,{"$f":"G17*H17","v":3600},null,0]
[17,"02资料册得力品牌","资料册"," 得力5003ES","30页","个",3,7,{"$f":"G18*H18","v":21},null,0]
[18,null,"资料册.","得力5005ES","60页","个",10,11,{"$f":"G19*H19","v":110},null,0]
[19,null,"资料册","得力5006ES","80页","个",4,19,{"$f":"G20*H20","v":76},null,0]
[20,null,"资料册","得力95101","100页","个",6,20,{"$f":"G21*H21","v":120},null,0]
[21,"03资料盒","薄资料盒","得力5662","35mm","个",15,5,{"$f":"G22*H22","v":75},null,0]
[22,null,"中厚资料盒","得力5664","55mm","个",180,16,{"$f":"G23*H23","v":2880},null,0]
[23,null,"厚资料盒","得力5663","75mm","个",140,22.5,{"$f":"G24*H24","v":3150},null,0]
[24,"04订书机/钉","订书机","晨光 92898","40张","个",25,12,{"$f":"G25*H25","v":300},null,0]
[25,null,"重型订书机"," 得力0299","210页","个",3,70,210,null,0]
[26,null,"厚订书钉","晨光92628",23,"盒",7,6.5,45.5,null,0]
[27,null,"厚订书钉","晨光92626",13,"盒",4,3.6,14.4,null,0]
[28,null,"订书钉-普通","晨光92616","1000枚/盒","盒",270,2.2,594,null,0]
[29,null,"A4牛皮纸","晨光APYRA609","335*235*40mm","包",0,9,0,null,0]
[30,null,"打印纸-单层","金色世纪/1000","S白色撕边","件",6,70,420,null,0]
[31,null,"收银纸","天章","30*57","卷",30,2.5,75,null,0]
[32,null,"收银纸","天章","57*50","卷",200,2.5,500,null,{"$f":"J33*G33","v":0}]
[33,null,"收银纸","天章","60*80","卷",840,5,4200,null,0]
[34,null,"标签纸","得力7190","23mm*33mm","包",0,1.5,0,null,0]
[35,null,"复写纸","晨光F608","340×220mm 100张/盒","盒",0,14,0,null,0]
[36,null,"16开复写纸","晨光16100","255*185mm","盒",0,9,0,null,0]
[37,"06纸巾","心相印抽纸","心相印DT26200原木抽纸三层150抽/包（现改为DT26150)","6包/提","提",50,27,1350,null,0]
[38,null,"心相印卷纸","心相印 茶语·丝享 BT2021 4层柔厚183g/卷*10卷（109mm*140mm/节）（现改为BT910）","10卷/提","提",160,32,5120,null,0]
[39,null,"心相印纸巾","心相印H200 茶语系列盒装面巾纸200抽 3盒/提","3包/提（硬盒）","提",60,22.5,1350,null,0]
[40,null,"婴儿湿巾纸（不含酒精）","奇强","80抽","包",0,15,0,null,0]
[41,"07笔记本","软面抄","得力7652","50张","本",35,2.3,80.5,null,0]
[42,null,"软皮记事本","得力22289","A5/120张","本",14,40,560,null,0]
[43,null,"硬面抄","得力3284","A5/98张","本",65,8,520,null,0]
[44,null,"记事本","得力22800","25K/100张","本",10,36,360,null,0]
[45,null,"现金帐本","前通","32K","本",20,6.6,132,null,0]
[46,null,"晨光（M&G）A6/100张 办公记事本","黑色皮面本 APYLN488",null,"本",0,8,0,null,0]
[47,"08夹具用品","长尾夹(3636)","晨光92743","15mm","合",13,7,91,null,0]
[48,null,"长尾夹(3635)","晨光92742","19mm","合",12,6.5,78,null,0]
[49,null,"长尾夹(3634)","晨光92741","25mm","合",22,15,330,null,0]
[50,null,"长尾夹(3633)","晨光92734","32mm","合",25,10,250,null,0]
[51,null,"长尾夹(3632)","晨光92739","41mm","合",20,18,360,null,0]
[52,null,"长尾夹(3631)","晨光92738","50mm","合",16,15,240,null,0]
[53,null,"A4夹板","得力72605","A4","个",13,5.5,71.5,null,0]
[54,null,"输液夹子（A5夹板）","得力9247","A5","个",0,4.1,0,null,0]
[55,null,"病历夹","得力64502","23*25.2*32.5cm","个",0,7,0,null,0]
[56,null,"抽杆文件夹","晨光95105","217*308mm","个",550,2.5,1375,null,0]
[57,"09收纳用品得力品牌","3层收纳文件座","得力9209","260*260*338mm","个",3,24,72,null,0]
[58,null,"多功能九格组合笔筒","得力8902","220*112*104mm","个",2,45,90,null,0]
[59,null,"牛皮纸档案袋（250g）","得力8385","60mm背宽","个",710,4,2840,null,0]
[60,null,"会计记账凭证档案盒","得力22015","A4","个",0,2.5,0,null,0]
[61,null,"牛皮档案盒（加厚款）","得力5924","4公分","个",14,5.6,78.4,null,0]
[62,null,"牛皮档案盒（加厚款）","得力5620","6公分","个",120,5,{"$f":"G63*H63","v":600},null,0]
[63,null,"牛皮档案盒（加厚款）","得力5927","10公分","个",0,3.4,0,null,0]
[64,null,"A4过塑膜","晨光A4塑封膜","100张/包","盒",0,40,0,null,{"$f":"J65*G65","v":0}]
[65,null,"A3过塑膜","晨光A3塑封膜","A3/50张","盒",0,52,0,null,0]
[66,null,"A4网格袋","得力5654","A4","个",44,3.1,136.4,null,0]
[67,null,"塑料文件袋","得力8308","10个/包","个",655,2.5,1637.5,null,0]
[68,null,"文件框","得力9848","四联","个",2,20,40,null,0]
[69,null,"笔筒收纳盒（现名为得力笔筒）","得力9147","三层","个",6,7,42,null,0]
[70,"10电池用品","电池","南孚一对","7号","对",725,5.5,3987.5,null,0]
[71,null,"电池","南孚一对","5号","对",1600,5.5,8800,null,0]
[72,null,"电池","南孚","1号","对",8,23,184,null,0]
[73,null,"23A12V电池","超霸","50mA","节",0,4.5,0,null,0]
[74,null,"9V电池","南孚","9V","节",13,10,130,null,0]
[75,null,"松下门铃电池","松下","3V","个",0,6.5,0,null,0]
[76,null,"松下锂电池","松下","6V","节",0,23,0,null,0]
[77,null,"松下锂电池","松下","3v","节",20,null,0,null,0]
[78,"11胶类用品","双面胶(宽）"," 得力30402","24mm*10y（10米）","个",8,1.4,11.2,null,0]
[79,null,"双面胶(宽）","得力30412","24mm*5y",null,3,null,0,null,0]
[80,null,"双面胶(中）"," 得力30402棉纸双面胶带18mm*10y*80um(白)","18mm*10y（10米）","个",10,1.1,11,null,0]
[81,null,"双面胶(窄）","晨光95744","9mm*10y（10米）","个",40,1,40,null,0]
[82,null,"封口胶"," 得力30208","48mm*200y*50um","个",25,16,400,null,0]
[83,null,"泡沫双面胶"," 晨光97353","18mm*5y*1.5mm","卷",8,2,16,null,0]
[84,null,"泡沫双面胶","得力30416","36mm*5y*2.5mm","卷",0,2.5,0,null,0]
[85,null,"不干胶标签","日天（现为18-1）","400张*27","板",6,10,60,null,0]
[86,null,"胶水","晨光97034","70ml","瓶",40,2.1,84,null,0]
[87,"12刀具用品","剪刀（大）","得力6010","170mm*80mm，红色","把",36,7,252,null,0]
[88,null,"剪刀"," 得力6034","160mm*65mm","把",0,3.5,0,null,0]
[89,null,"剪刀",null,"210mm",null,28,null,0,null,0]
[90,null,"卷笔刀","得力0578","14*20*36mm","个",20,2,40,null,0]
[91,null,"美工刀","得力2031","18mm","把",3,4,12,null,0]
[92,null,"钻刀","得力3839"," 6*50mm","个",13,62,806,null,0]
[93,"13插线板","插线板","公牛601","1.8米4孔","个",0,38.5,0,null,0]
[94,null,"插线板","公牛410","3米4孔","个",4,42,168,null,0]
[95,null,"插线板","公牛609","1.8米6孔","个",11,40,440,null,0]
[96,null,"插线板","公牛109","3米6孔","个",13,52,676,null,{"$f":"J97*G97","v":0}]
[97,null,"插线板","公牛109","5米6孔","个",10,55,550,null,0]
[98,null,"插线板","公牛609","10米6孔","个",2,78,156,null,0]
[99,null,"插线板","公牛217","5米8孔","个",0,79,0,null,0]
[100,null,"插线板"," 公牛605","5米10孔","个",14,92,1288,null,0]
[101,"14印油","光敏印油","得力9879","10ml","瓶",0,9.5,0,null,0]
[102,null,"原子印油","得力9873","10ml","瓶",6,3,18,null,0]
[103,null,"回墨印油1","得力79900","28ml","瓶",24,16,384,null,0]
[104,"15办公用具","鼠标垫","得力3691","270*220mm","张",0,8.5,0,null,0]
[105,null,"直尺","得力6260","60cm","把",4,6,24,null,0]
[106,null,"计算器","晨光98837","192.5*138.9*42.3mm","个",23,20.5,471.5,null,0]
[107,null,"回形针","晨光91696","100枚/盒","盒",39,2,78,null,0]
[108,null,"启钉器","晨光91635","55x11x45mm","个",10,2.5,25,null,0]
[109,null,"5米卷尺","晨光99103","5米","把",0,10,0,null,0]
[110,null,"得力皮卷尺",null,"79652（2米）",null,6,null,0,null,0]
[111,null,"五色标签","得力9064","43*12mm","包",26,3,78,null,0]
[112,null,"橡筋","晨光99334","100克","合",7,6.5,45.5,null,0]
[113,null,"橡皮筋","晨光99334","100克","包",0,6.5,0,null,0]
[114,null,"电话","得力13606电话机(白)(台)","165**173*120mm","部",18,55,990,null,0]
[115,null,"电话子母机"," TCL d61","165**173*120mm","部",2,215,430,null,0]
[116,null,"塑封膜","先锋","220*305mm 100张/包","包",0,22,0,null,0]
[117,null,"小橡皮擦","得力7535","30块/盒","块",50,1.6,80,null,0]
[118,null,"医用瞳孔笔","掌坤","黄白双光、带瞳孔对照图、金属银、可充电，每支免费刻名字","支",33,33,1089,null,0]
[119,"16印章用品","印台","得力9865","137*88mm","个",0,14,0,null,0]
[120,null,"光敏印章","（不低于现医院使用质量）","50*80mm","个",0,40,0,null,0]
[121,null,"刻字章","（不低于现医院使用质量）","25*65mm","个",74,40,2960,null,0]
[122,null,"备案印章","（不低于现医院使用质量）","直径12.5mm","个",0,41,0,null,0]
[123,null,"快干印油","红色（9874）","1个","瓶",0,7,0,null,0]
[124,"17其他","纸杯（加厚）","得力LL18","100只/包","包",40,25,{"$f":"G125*H125","v":1000},null,0]
[125,null,"荣誉证","晨光99315","12K","本",46,5.8,266.8,null,0]
[126,null,"牛皮纸档案袋",60900,null,"个",1000,2,2000,null,0]
[127,null,"透明五格 一次性餐盒","餐盒故事五格（不低于现医院使用质量）","（200只/件）","件",120,150,18000,null,0]
[128,null,"打包绳","（不低于现医院使用质量）","单卷装（100米）","卷",0,3.5,0,null,{"$f":"J129*G129","v":0}]
[129,null,"鞋套","美丽雅（MARYYA） HC017580加厚型鞋套","100只/包","包",80,12,960,null,{"$f":"J130*G130","v":0}]
[130,null,"泡沫双面胶","得力30412","24mm*5y*2.5mm","卷",0,2,0,null,{"$f":"J131*G131","v":0}]
[131,null,"大号透明收纳箱","君临"," 74*52*45","个",6,170,1020,null,{"$f":"J132*G132","v":0}]
[132,null,"中号透明收纳箱","君临","64*45*43","个",0,120,0,null,{"$f":"J133*G133","v":0}]
[133,null,"记事贴","晨光ys-03","76*76mm","本",14,1.6,22.4,null,{"$f":"J134*G134","v":0}]
[134,null,"一次性筷子","双双熊（或不低于现医院使用质量）","(1000双/包）","件",43,70,3010,null,{"$f":"J135*G135","v":0}]
[135,null,"一次性勺","呗莱（或不低于现医院使用质量）","（960个/件）","件",25,70,1750,null,{"$f":"J136*G136","v":0}]
[136,null,"一次性手套","薪佰亿（或不低于现医院使用质量）","(100支/包）","件",50,10,500,null,{"$f":"J137*G137","v":0}]
[137,null,"一次性圆碗","300ML圆碗","(450个/包）","件",60,100,6000,null,{"$f":"J138*G138","v":0}]
["合计",{"$nulls":7},{"$f":"SUM(I2:I138)","v":107977.3},null,{"$f":"SUM(K2:K138)","v":0}]

{"sheet":"Sheet2","index":1,"n_rows":0,"n_cols":0,"rows_kept":0}

{"sheet":"Sheet3","index":2,"n_rows":0,"n_cols":0,"rows_kept":0}